| 000 | 004690000a22001810004500 | ||
|---|---|---|---|
| 001 | 004825 | ||
| 003 | MACL | ||
| 005 | 20151205114721.0 | ||
| 008 | 151205b xxu||||| |||| 00| 0 eng d | ||
| 040 |
_aMACL _cMACL |
||
| 041 | _aEnglish | ||
| 082 | _a742 | ||
| 245 |
_aStories From Fairy Land _b2 stories The Hare and The Tortoise Bambi Grows Up |
||
| 260 |
_aChildren's Book Trust, _c2002 |
||
| 350 | _a25 | ||
| 650 |
_aChildren's Book _919192 |
||
| 942 |
_k742 _cBK _2ddc |
||
| 999 |
_c16709 _d16709 |
||